00446nam a2200193 a 4500001001300000003000900013005001700022008004100039020001100080082001500091100001500106245002600121260002600147300000900173500003500182505001000217650001000227700001500237nice12345678IN_TiNIC20260116011504.0050524s1917 lona grp 000 0 eng  ac40.800a234.1bOMA aOman, John aGrace and Personality aLondonbCollinsc1917 a255p aincludes index and biblioraphy2 aIndex aGrace1 aOman, John